| 000 | 00343nam a2200133Ia 4500 | ||
|---|---|---|---|
| 005 | 20251222141858.0 | ||
| 008 | 251222s9999||||xx |||||||||||||| ||spa|| | ||
| 020 | _a978-612-4034-35-8 | ||
| 082 | _a343.04/B17 | ||
| 100 | _aBaldeón Güere, Norma Alejandra | ||
| 245 | 0 | _aCódigo Tributario Comentado | |
| 264 | _bGaceta Jurídica | ||
| 942 | _cLIB | ||
| 999 |
_c7946 _d7946 |
||